000 00422nam a2200181Ia 4500
005 20250423100058.0
008 250422s9999 xx 000 0 und d
020 _a0-13-228463-4
050 _aHF 5657.4. B36/
100 _aLinda Smith Bamber
245 0 _aManagerial Accounting
260 _aNew jersey
260 _bPearson Education
260 _c2007
300 _a673 p
650 _aAccounting
942 _cBK
999 _c32221
_d32221